Normal view MARC view
  • KNUTH,E DONALD

Entry Personal Name

Number of records used in: 2

001 - CONTROL NUMBER

  • control field: 91731

003 - CONTROL NUMBER IDENTIFIER

  • control field: NUST

005 - DATE AND TIME OF LATEST TRANSACTION

  • control field: 20220523113707.0

008 - FIXED-LENGTH DATA ELEMENTS

  • fixed length control field: 220523|| aca||aabn | a|a d

040 ## - CATALOGING SOURCE

  • Original cataloging agency: NUST
  • Transcribing agency: NUST

100 ## - HEADING--PERSONAL NAME

  • Personal name: KNUTH,E DONALD

670 ## - SOURCE DATA FOUND

  • Source citation: Work cat.: (NUST): KNUTH,E DONALD., THE ART OF COMPUTER PROGRAMMING /, 1998.
© 2023 Central Library, National University of Sciences and Technology. All Rights Reserved.